|
|
|
|
| LEADER |
00000nab a2200000 a 4500 |
| 001 |
vtls000204688 |
| 003 |
SK-MaSNL |
| 005 |
20260304181031.0 |
| 008 |
160215c1985 xo 0 slo |
| 015 |
|
|
|a SNBRB19rr/mm-uuuuu
|
| 035 |
|
|
|a CL0214801
|
| 040 |
|
|
|a SNKBUCL
|b slo
|c SNKBUCL
|e AACR2
|
| 041 |
0 |
|
|a slo
|
| 044 |
|
|
|a xo
|c SK
|
| 080 |
|
|
|a 82.015:885.4(048)
|2 1981
|
| 080 |
|
|
|a 885.4(048)
|2 1981
|
| 080 |
|
|
|a 885.4.015(048)
|2 1981
|
| 100 |
1 |
|
|a Melicher, Jozef,
|d 1929-2008
|4 aut
|9 105016
|
| 245 |
1 |
0 |
|a O slovenskom realizme
|c Jozef Melicher ; Oskár Čepan
|
| 650 |
0 |
7 |
|a literatúra umelecká
|x realizmus
|2 snkbucl
|9 933318
|
| 650 |
0 |
7 |
|a slovenská literatúra
|2 snkbucl
|9 1115
|
| 655 |
|
7 |
|a články z novín a časopisov
|2 snkbucl
|9 267496
|
| 655 |
|
7 |
|a články z odboru literárna veda a krásna literatúra
|2 snkbucl
|9 770045
|
| 700 |
1 |
|
|a Čepan, Oskár,
|d 1925-1992
|4 aut
|9 205365
|
| 773 |
0 |
|
|t Nové knihy
|g Č. 1-2 (1985), s. /1/
|
| 787 |
0 |
8 |
|i Rec.:
|a Čepan, Oskár
|t Stimuly realizmu
|d Bratislava : Tatran, 1984
|
| 850 |
|
|
|a Slovenská národná knižnica v Martine
|a MTA001
|
| 852 |
|
|
|a SNK
|b KIS3GCP
|
| 958 |
|
|
|a BX
|
| 958 |
|
|
|a RK
|
| 958 |
|
|
|a LX
|
| 992 |
|
|
|a RBX
|
| 999 |
|
|
|c 3021413
|d 3023343
|